00676nam a22002057a 450000500170000001000150001702000120003203500140004403700130005808200130007110000310008424501080011525000120022326000310023527000840026630000290035050000200037950000420039970000290044120230406135522.0 aENG-119920 c1595.00 aEN-103452 bDBAD/PUB a342.5406 aBanerjee, Bhagabati Prosad aJudicial control of administrative action /cby Bhagabati Prosad Banerjee [and] Bhaskar Prosad Banerjee a2nd ed. aGurgaonbLexis Nexisc2012 a14th floor, Building No 10, Tower-B, DLF Cyber City, Phase-II,bGurgaone122002 acxcvii,1451p. c25cm(Hb) a Includes index aIncludes the price list November 2011 aBanerjee, Bhaskar Prosad